Komparácia účtovných závierok mikro účtovnej jednotky, malej účtovnej jednotky a veľkej účtovnej jednotky diplomová práca

Guardado en:
Detalles Bibliográficos
Autor principal: Mokoš, Marek
Autor Corporativo: Fakulta hospodárskej informatiky EU. Katedra účtovníctva a audítorstva
Otros Autores: Sklenka, Miloš
Formato: Libro
Lenguaje:eslovaco
Publicado: Bratislava 2017
Etiquetas: Agregar Etiqueta
Sin Etiquetas, Sea el primero en etiquetar este registro!

MARC

LEADER 00000nbm a2200000 4500
001 0232992
005 20180410102301.9
041 0 |a slo 
044 |a SK 
245 1 0 |a Komparácia účtovných závierok mikro účtovnej jednotky, malej účtovnej jednotky a veľkej účtovnej jednotky  |b diplomová práca  |c Marek Mokoš ; školiteľ: Miloš Sklenka 
264 1 |a Bratislava  |c 2017 
300 |a 63 s. 
100 1 |a Mokoš, Marek 
700 1 |a Sklenka, Miloš 
710 2 |a Fakulta hospodárskej informatiky EU. Katedra účtovníctva a audítorstva